Statistics for Musical Acts by Letter - F

Click here to take the quiz!

General Stats

  • This quiz has been taken 36,862 times
    (7,198 since last reset)
  • The average score is 9 of 18

Answer Stats

Years Active Country Songs Band or Artist % Correct
1939 - 1998Fly Me to the Moon | Come Fly With MeFrank Sinatra
80%
2006 -London Bridge | Big Girls Don't CryFergie
77%
2003 -In da Club | Candy Shop50 Cent
67%
1968 -Landslide | Go Your Own WayFleetwood Mac
62%
2008 -Low | WhistleFlo Rida
59%
2009 -Some Nights | We Are YoungFun
59%
1994 - 2006 Killing Me Softly | Ready or NotFugees
53%
1995 -Everlong | The PretenderFoo Fighters
51%
1977 - I Want to Know What Love Is | Waiting for a Girl Like YouForeigner
50%
2004 -Take Me Out | The Dark of the MatinéeFranz Ferdinand
49%
2003 -Sugar, We're Goin Down |
This Ain't a Scene, It's an Arms Race
Fall Out Boy
44%
1982 - 1998Rock Me Amadeus | Der KommissarFalco
44%
1996 -Praise You | Right Here, Right NowFatboy Slim
43%
1950 - 2017Blueberry Hill | Walking to New OrleansFats Domino
38%
2015 - 2018Worth It | Work From HomeFifth Harmony
38%
1962 -Walk Like a Man | Big Girls Don't CryThe Four Seasons
37%
1993 -This Kiss | BreatheFaith Hill
32%
1964 -I Can't Help Myself (Sugar Pie Honey Bunch) |
Reach Out I'll Be There
The Four Tops
30%

Score Distribution

Percentile by Number Answered

Percent of People with Each Score

Your Score History

You have not taken this quiz since the last reset